[Event "FSGM August"]
[Site "Budapest HUN"]
[Date "2008.08.08"]
[Round "7"]
[White "Dinger,F"]
[Black "Cabrera Trujillo,J"]
[Result "1-0"]
[WhiteElo "2333"]
[BlackElo "2423"]

1.e4 c5 2.Nf3 Nc6 3.Bb5 d6 4.Bxc6+ bxc6 5.O-O e5 6.c3 Nf6 7.Re1 Bg4 8.d4 cxd4
9.cxd4 Nd7 10.d5 c5 11.h3 Bh5 12.Nbd2 Be7 13.Nc4 Bg6 14.g4 Nf6 15.Nfd2 h5
16.f3 Nh7 17.Qa4+ Qd7 18.Qxd7+ Kxd7 19.Kg2 Ng5 20.b4 cxb4 21.Rb1 Rab8 22.Na5 hxg4
23.hxg4 Rh3 24.Rb3 Rbh8 25.Nf1 Rh1 26.Bd2 Bd8 27.Nc4 a5 28.a3 R1h3 29.Bxg5 Bxg5
30.axb4 axb4 31.Rxb4 Be7 32.Rb7+ Ke8 33.Ra1 f5 34.Nxd6+  1-0

[Event "95th ch-GBR"]
[Site "Liverpool ENG"]
[Date "2008.08.08"]
[Round "11"]
[White "Rayner,F"]
[Black "Cox,Tr"]
[Result "0-1"]
[WhiteElo "2207"]
[BlackElo "2144"]

1.e4 c5 2.Nf3 Nc6 3.Bb5 Nf6 4.Nc3 Qc7 5.O-O Nd4 6.Re1 a6 7.e5 Nxb5 8.exf6 gxf6
9.Nxb5 axb5 10.d4 e6 11.dxc5 Bxc5 12.Nd4 Rg8 13.Be3 b6 14.f3 Bd6 15.h3 Bh2+
16.Kh1 Bg3 17.Re2 b4 18.Qd3 Ba6 19.Qxh7 O-O-O 20.Rd2 f5 21.Nxf5 exf5 22.Qxf5 Bc4
23.a3 Qe5 24.Qxe5 Bxe5 25.axb4 Bxb2 26.Ra7 Rg6 27.c3 Bc1 28.Ra8+ Kc7 29.Bf4+ d6
30.Rxd8 Bxd2  0-1

[Event "5th Open"]
[Site "Kalamaria GRE"]
[Date "2008.08.09"]
[Round "8"]
[White "Iskos,A"]
[Black "Jankovic,A"]
[Result "0-1"]
[WhiteElo "2083"]
[BlackElo "2532"]

1.e4 c5 2.Nf3 Nc6 3.Bb5 e6 4.b3 Nge7 5.Bb2 a6 6.Bxc6 Nxc6 7.O-O b5 8.d4 cxd4
9.Nxd4 Qf6 10.Qd2 Bb7 11.Rd1 Bb4 12.Nxc6 Bxd2 13.Bxf6 gxf6 14.Nxd2 Bxc6 15.f3 Ke7
16.c4 Rhg8 17.Rac1 Rg5 18.Kf2 f5 19.exf5 Rxf5 20.Nf1 Rh5 21.Rd4 Rg8 22.h3 Rhg5
23.Rg4 h6 24.Ne3 f5 25.Rxg5 hxg5 26.c5 a5 27.Nc2 b4 28.Ne3 Ra8 29.Nc4 a4
30.bxa4 Rxa4 31.Rc2 Bb5 32.Nb6 Ra5 33.Ke3 Ra3+ 34.Kd2 Kf6 35.Rb2 Ke5 36.Rxb4 Rxa2+
37.Ke1 Bc6 38.Kf1 Rc2 39.Na4 Bxa4 40.Rxa4 Rxc5 41.h4 gxh4 42.Rxh4 d5 43.Rb4 Rc1+
44.Kf2 Rc2+ 45.Kf1 d4 46.g3 Kd5 47.Rb8 d3 48.Rd8+ Kc4 49.g4 fxg4 50.fxg4 Kc3
51.g5 Rc1+ 52.Kf2 d2 53.Rc8+ Kb4  0-1

[Event "Arctic Chess Challenge"]
[Site "Tromso NOR"]
[Date "2008.08.09"]
[Round "8"]
[White "Westerinen,H"]
[Black "Poobalasingam,P"]
[Result "0-1"]
[WhiteElo "2376"]
[BlackElo "2203"]

1.e4 c5 2.Nf3 Nc6 3.Bb5 g6 4.O-O Bg7 5.c3 e5 6.Na3 Nge7 7.Nc4 O-O 8.Nd6 Qc7
9.Nxc8 Raxc8 10.d3 d5 11.exd5 Nxd5 12.Re1 Qd6 13.Qe2 a6 14.Ba4 b5 15.Bc2 f5
16.Bd2 c4 17.dxc4 bxc4 18.Rad1 e4 19.Ng5 Ne5 20.f3 Nd3 21.fxe4 Qc5+ 22.Be3 Nxe3
23.Qxe3 Nxe1 24.Qxc5 Rxc5 25.Rxe1 Re8 26.Rd1 Bf6 27.Ba4 Re7 28.Nh3 fxe4 29.Kf2 Ra5
30.b3 Bxc3 31.Ke3 Be5 32.Rd8+ Kg7 33.Rc8 c3 34.Nf2 Rd5 35.Bc6 Bd4+ 36.Ke2 Rc5  0-1

[Event "Najdorf Memorial Open"]
[Site "Warsaw POL"]
[Date "2008.08.09"]
[Round "8"]
[White "Shkapenko,P"]
[Black "Gumula,D"]
[Result "1/2-1/2"]
[WhiteElo "2404"]
[BlackElo "2277"]

1.e4 c5 2.Nf3 Nc6 3.Bb5 e6 4.b3 Nge7 5.Bb2 a6 6.Bxc6 Nxc6 7.O-O d5 8.exd5 Qxd5
9.Nc3 Qd8 10.Ne2 b6 11.d4 Bb7 12.dxc5 Bxc5 13.Qxd8+ Rxd8 14.Rfd1 O-O 15.Nf4 Nb4
16.c3 Rxd1+ 17.Rxd1 Bxf3 18.gxf3 Nc6 19.c4 Rd8 20.Rxd8+ Nxd8 21.Nd3 Bd6 22.Bd4 b5
23.cxb5 axb5 24.a4 bxa4 25.bxa4 Bc7 26.Bc3 Nb7 27.Nb2 f6 28.Bb4 Nd8 29.Nc4 Nc6
30.Bd2 Kf7 31.f4 Ke7 32.Kg2 Kd7 33.Kf3 Nb8 34.Bb4 Kc6 35.h3 g6 36.Be7 Nd7
37.Ne3 h5 38.Ng2 Bd6 39.Bd8 Bc7 40.Be7 Bd6 41.Bd8 Bc7 42.Bxc7 Kxc7 43.Nh4 Nf8
44.Ke4 Kb6 45.Kd4 Ka5 46.Kc5 g5 47.fxg5 fxg5 48.Nf3 Nh7 49.Kd6 g4 50.hxg4 hxg4
51.Nh2 Ng5 52.Ke5 Nh3  1/2-1/2

[Event "FSIMA August"]
[Site "Budapest HUN"]
[Date "2008.08.10"]
[Round "9"]
[White "Beck,F"]
[Black "Hujbert,F"]
[Result "0-1"]
[WhiteElo "2335"]
[BlackElo "2258"]

1.e4 c5 2.Nf3 Nc6 3.Bb5 g6 4.Bxc6 dxc6 5.h3 Bg7 6.d3 Nf6 7.Nc3 O-O 8.Be3 h6
9.Qd2 Ne8 10.Bxh6 Nc7 11.h4 f6 12.e5 Ne6 13.O-O-O Nd4 14.Rde1 Bg4 15.Nh2 Be6
16.Bxg7 Kxg7 17.h5 g5 18.f4 f5 19.fxg5 b5 20.Ne2 Nxe2+ 21.Rxe2 b4 22.c4 bxc3
23.Qxc3 Qd5 24.b3 a5 25.Qc4 a4 26.Qxd5 Bxd5 27.Kb2 axb3 28.a3 Rxa3 29.Ra1 Rxa1
30.Kxa1 Ra8+ 31.Kb1 c4 32.dxc4 Be4+  0-1

[Event "Open"]
[Site "Ptuj SLO"]
[Date "2008.08.10"]
[Round "3"]
[White "Zugaj,F"]
[Black "Polajzer,D"]
[Result "0-1"]
[WhiteElo "2225"]
[BlackElo "2365"]

1.e4 c5 2.Nf3 Nc6 3.Bb5 Nf6 4.Qe2 g6 5.O-O Bg7 6.c3 O-O 7.d3 d6 8.Nbd2 Ne8
9.Rd1 Nc7 10.Bxc6 bxc6 11.d4 cxd4 12.cxd4 Rb8 13.b3 c5 14.Bb2 Ba6 15.Qe3 Ne6
16.e5 cxd4 17.Nxd4 Nxd4 18.Bxd4 dxe5 19.Bxa7 Rb7 20.Ne4 Rd7 21.Rxd7 Qxd7
22.Bc5 f5 23.Nc3 e4 24.Rd1 Bd3 25.Ne2 Rd8 26.Bb6 Rc8 27.Nc1 Rc6 28.Bc5 f4  0-1

[Event "Arctic Chess Challenge"]
[Site "Tromso NOR"]
[Date "2008.08.10"]
[Round "9"]
[White "Kasparova,T"]
[Black "Martinsen,S"]
[Result "1-0"]
[WhiteElo "2176"]
[BlackElo "2161"]

1.e4 c5 2.Nf3 Nc6 3.Bb5 d6 4.Bxc6+ bxc6 5.e5 Bg4 6.h3 Bh5 7.Nc3 Qc7 8.exd6 exd6
9.d4 d5 10.Be3 c4 11.O-O Nf6 12.g4 Bg6 13.Ne5 Bd6 14.b3 cxb3 15.axb3 Ne4
16.Nxe4 Bxe4 17.f3 Bg6 18.Re1 O-O 19.Bf4 f6 20.Nxg6 hxg6 21.Bxd6 Qxd6 22.Kg2 a5
23.Qd3 Rae8 24.Qxg6 Re6 25.Qf5 Rfe8 26.Rxe6 Rxe6 27.Rxa5 Re2+ 28.Kf1 Re8
29.Qg6 Qe6 30.Ra1 Qe2+ 31.Kg1 Qe3+ 32.Kg2 Qd2+ 33.Kg3 Rb8 34.h4 c5 35.h5  1-0

[Event "Alan Benson IM"]
[Site "San Francisco USA"]
[Date "2008.08.11"]
[Round "1"]
[White "Mezentsev,V"]
[Black "Shankland,S"]
[Result "0-1"]
[WhiteElo "2400"]
[BlackElo "2368"]

1.e4 c5 2.Nf3 Nc6 3.Bb5 e6 4.O-O Nge7 5.c3 a6 6.Ba4 b5 7.Bc2 Bb7 8.d4 cxd4
9.Nxd4 Ng6 10.a4 b4 11.Be3 Qc7 12.Nxc6 Bxc6 13.Qd4 Rb8 14.Rd1 d5 15.exd5 Bxd5
16.Nd2 Bd6 17.Qxg7 Bxh2+ 18.Kh1 Be5 19.Qh6 bxc3 20.bxc3 Qc6 21.f3 Qxc3 22.Rac1 Bg7
23.Qg5 Qe5 24.Bd3 Qxg5 25.Bxg5 Ra8 26.Ne4 h6 27.Be3 Ne5 28.Be2 O-O 29.Nc5 Rfc8
30.f4 Ng6 31.a5 Nh4 32.Bf1 Nf5 33.Bf2 Bb2 34.Rb1 Bc3 35.Nd7 Rd8 36.Nb6 Rab8
37.Rbc1 Bxa5 38.Nxd5 Rxd5 39.Rxd5 exd5 40.Bd3 Ne7 41.Bxa6 Bd2 42.Rd1 Bxf4
43.g3 Bd6 44.Bd3 f6 45.Be3 Kf7 46.Kg2 Rg8 47.Bf2 h5 48.Rh1 Rg5 49.Be2 Kg6
50.Bd3+ Kg7 51.Be2 Bxg3 52.Bxg3 Nf5 53.Rxh5 Rxg3+ 54.Kf2 Rg5 55.Rh3 Kf7 56.Ra3 Ke6
57.Bf3 Nd6 58.Ra6 Ke5 59.Ra8 f5 60.Ra7 Ne4+ 61.Ke2 Kf4 62.Rh7 Rg8 63.Rh4+ Ke5
64.Rh7 Rb8 65.Re7+ Kf4 66.Rf7 Ng3+  0-1

[Event "IV RC Sport Open"]
[Site "Ceska Trebova CZE"]
[Date "2008.08.12"]
[Round "6"]
[White "Bejtovic,J"]
[Black "Vymazal,B"]
[Result "0-1"]
[WhiteElo "2335"]
[BlackElo "2274"]

1.e4 c5 2.Nf3 Nc6 3.Bb5 g6 4.Bxc6 dxc6 5.d3 Bg7 6.h3 Nf6 7.Nc3 O-O 8.Bf4 Nd7
9.Qd2 e5 10.Bh6 Qe7 11.h4 Nf6 12.Bxg7 Kxg7 13.O-O-O Bg4 14.Qe3 b6 15.Rde1 Bxf3
16.Qxf3 h5 17.Qe3 Rad8 18.g3 Rd4 19.f3 Qe6 20.Kb1 Rfd8 21.Ne2 R4d6 22.b3 a5
23.g4 a4 24.Ng3 axb3 25.axb3 Rxd3 26.Nf5+ gxf5 27.Qg5+ Kh7 28.gxf5 Qd6 29.Reg1 Rg8
30.cxd3 Rxg5 31.hxg5 Qxd3+ 32.Kb2 Ng8 33.Rxh5+ Kg7 34.f6+ Kg6 35.Rh8 Qd4+
36.Ka2 Qf2+ 37.Ka3 Qxg1 38.Rxg8+ Kh7 39.Rg7+ Kh8 40.f4 Qa1+  0-1

[Event "Open A"]
[Site "Vladimir RUS"]
[Date "2008.08.12"]
[Round "1"]
[White "Mikheev,S"]
[Black "Konovalov,N"]
[Result "1-0"]
[WhiteElo "2244"]
[BlackElo "2440"]

1.e4 c5 2.Nf3 Nc6 3.Bb5 e6 4.Bxc6 bxc6 5.d3 Ne7 6.Qe2 Ng6 7.Ng5 h6 8.Nh3 e5
9.f4 Qh4+ 10.Qf2 Qxf2+ 11.Kxf2 exf4 12.Nxf4 Be7 13.Nxg6 fxg6 14.Nc3 O-O+
15.Ke2 d5 16.h3 Be6 17.Bd2 Rab8 18.b3 Bf6 19.Rae1 c4 20.Kd1 Bh4 21.Ref1 cxd3
22.cxd3 Rfd8 23.Kc2 Rd7 24.Rf3 Rbd8 25.Bc1 dxe4 26.Nxe4 Bf5 27.Nc5 Rd5 28.b4 Be7
29.g4 Bxc5 30.gxf5 Bxb4 31.a3 Rc5+ 32.Kb1 Ba5 33.fxg6 Rb8+ 34.Bb2 Bc3 35.Rh2 Rg5
36.Ka2 Bxb2 37.Rxb2 Rxb2+ 38.Kxb2 Rxg6 39.Kc3 Rf6 40.Re3 Kf7 41.d4 Rf5 42.Kb4 Rd5
43.Kc4 g5 44.Rb3 Ra5 45.Rb7+ Kg6 46.Rc7 Rxa3 47.Rxc6+ Kh5 48.d5 Rxh3 49.d6 Rh1
50.Kd5 Rd1+ 51.Ke6 Re1+ 52.Kf7 Rf1+ 53.Ke7 Re1+ 54.Kf7 Rd1 55.Ke6 Kh4 56.d7 Rxd7
57.Kxd7 h5 58.Ke6 g4 59.Kf5 g3 60.Kf4 Kh3 61.Kf3 h4 62.Rc4 a5 63.Ra4 g2 64.Kf2  1-0

[Event "Acropolis Open"]
[Site "Athens GRE"]
[Date "2008.08.13"]
[Round "5"]
[White "Manelidou,M"]
[Black "Kourousis,E"]
[Result "0-1"]
[WhiteElo "1975"]
[BlackElo "2221"]

1.e4 c5 2.Nf3 Nc6 3.Bb5 d6 4.Bxc6+ bxc6 5.O-O e6 6.d3 Ne7 7.Nc3 e5 8.Ne1 g6
9.f4 exf4 10.Bxf4 Bg7 11.Qf3 O-O 12.Qg3 d5 13.Bc7 Qd7 14.Nf3 Ba6 15.Na4 dxe4
16.Nxc5 Bd4+ 17.Nxd4 Qxd4+ 18.Qf2 e3 19.Qf6 Qxf6 20.Rxf6 Nd5 21.Ne4 Rfe8
22.Rf3 Nxc7 23.Nf6+ Kg7 24.Nxe8+ Rxe8 25.Re1 Nd5 26.c4 Nb4 27.Rexe3 Rxe3
28.Rxe3 Nxa2 29.Re7 Nb4 30.Rxa7 Bc8 31.d4 Be6 32.b3 Nc2 33.d5 cxd5 34.cxd5 Bxd5
35.Rc7 Bxb3 36.Rc3 Na1 37.Rc1 Nc2 38.Rb1 Nd4 39.Kf2 Be6 40.Rb4 Nc6 41.Rb6 Ne5
42.Rb5 Ng4+ 43.Kg3 h5 44.h3 Ne3 45.Kf2 Nd5 46.Ra5 g5 47.Ra4 Kg6 48.Rd4 h4
49.Ra4 Nf4 50.Ra6 f6  0-1

[Event "Acropolis Open"]
[Site "Athens GRE"]
[Date "2008.08.13"]
[Round "5"]
[White "Simeonidis,I"]
[Black "Roy Chowdhury,S"]
[Result "1/2-1/2"]
[WhiteElo "2275"]
[BlackElo "2411"]

1.e4 c5 2.Nf3 Nc6 3.Bb5 Qb6 4.Ba4 e6 5.O-O a6 6.c3 Nge7 7.d4 cxd4 8.cxd4 d5
9.Nc3 dxe4 10.Nxe4 Nd5 11.Nc3 Be7 12.Re1 Nxc3 13.bxc3 Qc7 14.Qd3 O-O 15.Bc2 g6
16.Qe2 Bf6 17.Be4 Bd7 18.Ba3 Rfe8 19.Rac1 Rac8 20.Nd2 Na5 21.Bd3 Bc6 22.Be4 Bd7
23.Bd3 Bc6 24.Be4  1/2-1/2

[Event "Acropolis Open"]
[Site "Athens GRE"]
[Date "2008.08.13"]
[Round "5"]
[White "Karlovich,A"]
[Black "Zawadzka,J"]
[Result "0-1"]
[WhiteElo "2242"]
[BlackElo "2389"]

1.e4 c5 2.Nf3 Nc6 3.Bb5 d6 4.O-O Bd7 5.c3 Nf6 6.Re1 a6 7.Bf1 Bg4 8.d4 cxd4
9.cxd4 Bxf3 10.gxf3 e5 11.d5 Ne7 12.f4 g6 13.fxe5 dxe5 14.f4 Nd7 15.Nc3 Bg7
16.Kh1 O-O 17.Bg2 Qb6 18.Qe2 f5 19.Be3 Qd6 20.exf5 gxf5 21.Qf2 e4 22.Bd4 Ng6
23.Rf1 Rac8 24.Rad1 Bh6 25.Be3 Nc5 26.h4 Bg7 27.h5 Ne7 28.Bxc5 Rxc5 29.Na4  0-1

[Event "Acropolis Open"]
[Site "Athens GRE"]
[Date "2008.08.13"]
[Round "5"]
[White "Georgiadis,I"]
[Black "Exizoglou,D"]
[Result "1-0"]
[WhiteElo "2373"]
[BlackElo "2251"]

1.e4 c5 2.Nf3 Nc6 3.Bb5 e6 4.Bxc6 bxc6 5.d3 Ne7 6.Qe2 Qc7 7.Ng5 f6 8.Nh3 g6
9.f4 Bg7 10.O-O O-O 11.b3 d6 12.Bb2 Bd7 13.Nd2 Rae8 14.Nc4 e5 15.fxe5 fxe5
16.Bc3 h6 17.Rxf8+ Rxf8 18.Rf1 Rxf1+ 19.Kxf1 Be6 20.Nf2 Qd7 21.Bb2 Kh7 22.Qe1 Bf6
23.Bc1 Nc8 24.Qa5 Bd8 25.Qe1 Qf7 26.Kg1 Qd7 27.Be3 Bf6 28.Qc1 h5 29.Nd2 Kg8
30.Nf3 Bf7 31.Nh3 Be8 32.Bg5 Bg7 33.Qa3 Bf7 34.Nf2 Be6 35.Qa5 Kf8 36.Nd2 Kg8
37.Nc4 Kf7 38.Qa6 Bxc4 39.Qxc4+ Qe6 40.Qa6 Qd7 41.h3 Bf6 42.Be3 Bh4 43.a3 Bxf2+
44.Bxf2 g5 45.b4 cxb4 46.axb4 h4 47.Qc4+ Kg7 48.d4 d5 49.Qd3 Nd6 50.exd5 e4
51.Qd2 Kg6 52.dxc6 Qxc6 53.d5 Qd7 54.Qd4 g4 55.Bxh4 Qf7 56.Qe5  1-0

[Event "Independence Cup A"]
[Site "Kyiv UKR"]
[Date "2008.08.13"]
[Round "1"]
[White "Dolzhikova,K"]
[Black "Manilyk,A"]
[Result "0-1"]
[WhiteElo "2339"]
[BlackElo "2139"]

1.e4 c5 2.Nf3 Nc6 3.Bb5 d6 4.O-O e6 5.c3 Nf6 6.Re1 Be7 7.d4 cxd4 8.cxd4 Qb6
9.Nc3 a6 10.Ba4 O-O 11.d5 Ne5 12.Nd4 exd5 13.exd5 Ng6 14.Bc2 Re8 15.Bg5 Bd7
16.h4 Qxb2 17.Qd2 Rac8 18.Bxg6 Qxd2 19.Bxf7+ Kxf7 20.Bxd2 Rc4 21.Nf3 h6 22.Rac1 b5
23.a3 Rec8 24.Kh2 R8c5 25.Be3 Ng4+  0-1

[Event "Independence Cup A"]
[Site "Kyiv UKR"]
[Date "2008.08.13"]
[Round "11"]
[White "Dolzhikova,K"]
[Black "Kernazhitsky,L"]
[Result "1-0"]
[WhiteElo "2339"]
[BlackElo "2349"]

1.e4 c5 2.Nf3 Nc6 3.Bb5 Qb6 4.Nc3 e6 5.Bxc6 Qxc6 6.d4 cxd4 7.Nxd4 Qc7 8.O-O a6
9.Re1 d6 10.f4 b5 11.a3 Be7 12.e5 Bb7 13.exd6 Qxd6 14.Be3 Nf6 15.Qe2 O-O
16.Rad1 Qc7 17.h3 Rac8 18.Rd3 Rfe8 19.Qf2 Qb8 20.Red1 Rc4 21.Nb3 Ne4 22.Nxe4 Bxe4
23.R3d2 Rcc8 24.Nc5 Qa8 25.b4 Bxc5 26.Bxc5 Red8 27.c3 h6 28.Qg3 Rxd2 29.Rxd2 Rd8
30.Bd4 Bg6 31.h4 Qd5 32.Re2 Qb3 33.Kh2 h5 34.Re5 Qc2 35.Rc5 Rd5 36.f5 Qxf5
37.Rc8+ Kh7 38.Qb8 Kh6 39.Be3+  1-0

[Event "IM"]
[Site "Panevezys LTU"]
[Date "2008.08.13"]
[Round "3"]
[White "Zapolskis,A"]
[Black "Zozulia,A"]
[Result "0-1"]
[WhiteElo "2351"]
[BlackElo "2346"]

1.e4 c5 2.Nf3 Nc6 3.Bb5 d6 4.O-O Bd7 5.c3 a6 6.Ba4 Nf6 7.d3 b5 8.Bc2 Bg4
9.h3 Bh5 10.Nbd2 e6 11.Re1 Nd7 12.g4 Bg6 13.d4 Be7 14.Nf1 h5 15.d5 exd5 16.exd5 Bxc2
17.Qxc2 Nce5 18.N1h2 hxg4 19.hxg4 Ng6 20.Qf5 Nde5 21.a4 O-O 22.Bf4 Nxf4 23.Qxf4 Nd3
24.Qg3 Nxe1 25.Rxe1 Bg5 26.Qh3 g6 27.Kg2 Kg7 28.Qg3 Rh8 29.Re4 Qf6 30.c4 bxc4
31.Rxc4 Rab8 32.Nxg5 Qxg5 33.Qxd6 Rhd8 34.Qxc5 Qxd5+ 35.Qxd5 Rxd5 36.b4 Rd3
37.Nf3 Rb3 38.b5 axb5 39.axb5 R8xb5 40.Kg3 R5b4 41.Rxb4 Rxb4 42.Nd2 Kf6 43.f4 Ke6
44.Nf3 Rb3 45.Kf2 Kd5 46.Nd2 Ra3 47.Ke2 Kd4 48.g5 Ra2  0-1

[Event "Alan Benson IM"]
[Site "San Francisco USA"]
[Date "2008.08.13"]
[Round "3"]
[White "Ganbold,O"]
[Black "Aigner,M USA"]
[Result "0-1"]
[WhiteElo "2380"]
[BlackElo "2234"]

1.e4 c5 2.Nf3 Nc6 3.Bb5 g6 4.Bxc6 dxc6 5.h3 Bg7 6.O-O Nf6 7.d3 Nd7 8.Nc3 e5
9.Be3 Qe7 10.Qd2 Nf8 11.Na4 Ne6 12.a3 Nd4 13.Nh2 O-O 14.b4 b6 15.Rfb1 c4
16.Nb2 c3  0-1

[Event "Alan Benson IM"]
[Site "San Francisco USA"]
[Date "2008.08.13"]
[Round "3"]
[White "Mezentsev,V"]
[Black "Young,G"]
[Result "1/2-1/2"]
[WhiteElo "2400"]
[BlackElo "2233"]

1.e4 c5 2.Nf3 Nc6 3.Bb5 g6 4.O-O Bg7 5.c3 Nf6 6.Qe2 O-O 7.e5 Nd5 8.Qc4 Qb6
9.d4 d6 10.exd6 exd6 11.Qxd5 Qxb5 12.Na3 Qd3 13.Be3 cxd4 14.Rfd1 Qe2 15.Rd2 Be6
16.Qg5 Qa6 17.Nxd4 Nxd4 18.Bxd4 Rfe8 19.h4 Qc6 20.h5 Bxd4 21.Rxd4 Qc5 22.Qh6 Bd5
23.hxg6 fxg6 24.Qd2 Bc6 25.Nc4 Qh5 26.Ne3 Rad8 27.Ng4 Re6 28.Re1 Rxe1+ 29.Qxe1 Qg5
30.Qd1 Kg7 31.Ne3 Qe5 32.Qd2 Qe6 33.a3 a6 34.c4 Rd7 35.Ng4 h5 36.Qh6+ Kg8
37.Ne3 Qf6 38.Nc2 Ba4 39.Re4 Rf7 40.Re2 Bxc2 41.Rxc2 Re7 42.Qd2 Kg7 43.Rc3 Re4
44.Rd3 Rxc4 45.Rxd6 Rc1+  1/2-1/2

[Event "Independence Cup A"]
[Site "Kyiv UKR"]
[Date "2008.08.14"]
[Round "2"]
[White "Semenova,L"]
[Black "Melnichuk,M"]
[Result "1/2-1/2"]
[WhiteElo "2213"]
[BlackElo "2290"]

1.e4 c5 2.Nf3 Nc6 3.Bb5 g6 4.O-O Bg7 5.c3 Nf6 6.Re1 O-O 7.d4 cxd4 8.cxd4 d5
9.e5 Ne4 10.Nc3 Nxc3 11.bxc3 Qa5 12.Qb3 Bg4 13.Nd2 Bh6 14.h3 Bf5 15.Nf3 Bxc1
16.Raxc1 Qb6 17.Qxd5 Be6 18.Qc5 Qxc5 19.dxc5 Rac8 20.Nd4 Nd8 21.c6 bxc6 22.Bf1 Rc7
23.a3 Bd5 24.c4 Be6 25.f4 c5 26.Nb3 Bd7 27.g4 Ba4 28.Nd2 Ne6 29.f5 Nd4 30.fxg6 fxg6
31.Bg2 Bc2 32.Re3 Rb8 33.Bd5+ Kg7 34.Rf1 e6 35.Be4 Rb2 36.Bxc2 Nxc2 37.Rb3 Ra2
38.Ne4 Nd4 39.Rb8 Nc6 40.Nxc5 Re7 41.Rb3 Re2 42.Nd3 Re3 43.Nc1 Rxe5 44.Kg2 Rc5
45.Rf4 Na5 46.Rb4 Rec7 47.Nb3 Nxb3 48.Rxb3 Rxc4 49.Rxc4 Rxc4 50.Rb7+ Kf6
51.Rxa7 Ke5 52.Rxh7 Rc2+ 53.Kg3 g5 54.Rf7 Kd4 55.a4 e5 56.Rd7+ Ke4 57.a5 Rc3+
58.Kg2 Ra3 59.Rg7 Ra2+ 60.Kg3 Ra3+ 61.Kg2 Kf4 62.Rf7+ Ke4 63.Rf5 Ra2+ 64.Kg3 Ra3+
65.Kg2  1/2-1/2

[Event "Open"]
[Site "Stare Mesto CZE"]
[Date "2008.08.14"]
[Round "8"]
[White "Zolnierowicz,K"]
[Black "Roubalik,J"]
[Result "1-0"]
[WhiteElo "2272"]
[BlackElo "2168"]

1.e4 c5 2.Nf3 Nc6 3.Bb5 g6 4.O-O Bg7 5.c3 Nf6 6.Re1 O-O 7.h3 e5 8.d3 d6 9.Nbd2 Ne8
10.Nf1 Nc7 11.Ba4 Ne6 12.Bb3 Kh8 13.Ng3 Nc7 14.Ng5 Qe7 15.f4 exf4 16.Bxf4 Ne6
17.Nf5 gxf5 18.exf5 Qf6 19.fxe6 fxe6 20.Qh5 h6 21.Rf1 Qe7 22.Ne4 Rf5 23.Qg6 Ne5
24.Bxe5 dxe5 25.g4 Rf4 26.g5 Bd7 27.gxh6 Rg8 28.Kh2 Bf6 29.Qh5 Bc6 30.Rg1 Rxg1
31.Rxg1 Be8 32.Nxf6 Rf2+ 33.Kh1 Rxf6 34.Qxe5 Bc6+ 35.Kh2  1-0

[Event "Open"]
[Site "Stare Mesto CZE"]
[Date "2008.08.15"]
[Round "9"]
[White "Weglarz,L"]
[Black "Dvoulety,P"]
[Result "1-0"]
[WhiteElo "2303"]
[BlackElo "2095"]

1.e4 c5 2.Nf3 Nc6 3.Bb5 d6 4.O-O Bd7 5.Re1 e6 6.c3 Be7 7.d4 cxd4 8.cxd4 Nf6
9.Nc3 O-O 10.d5 Na5 11.Bf1 Rc8 12.e5 Nxd5 13.Nxd5 exd5 14.exd6 Bxd6 15.Qxd5 Bg4
16.Qe4 Bh5 17.Be3 Nc6 18.Red1 Qf6 19.Qd5 Bxf3 20.Qxf3 Qxf3 21.gxf3 Bb8 22.Rd7 b6
23.f4 Rfd8 24.Rad1 Rxd7 25.Rxd7 Rc7 26.Rd1 Kf8 27.Kg2 Ke7 28.Kf3 Rd7 29.Re1 Kf6
30.Rc1 Nd4+ 31.Ke4 Nf5 32.Bh3 g6 33.Rc6+ Ke7 34.Bxf5 gxf5+ 35.Kxf5 Rd5+ 36.Kg4 Bd6
37.Rc2 Ke6 38.b3 h5+ 39.Kf3 Kf5 40.Rc8 Ra5 41.a4 b5 42.Rc6 Be7 43.Bc5  1-0

[Event "Acropolis Open"]
[Site "Athens GRE"]
[Date "2008.08.16"]
[Round "8"]
[White "Asik,J"]
[Black "Tirard,H"]
[Result "0-1"]
[WhiteElo "2368"]
[BlackElo "2461"]

1.e4 c5 2.Nf3 Nc6 3.Bb5 e6 4.O-O Nge7 5.Re1 Qb6 6.Na3 Ng6 7.Bxc6 bxc6 8.Nc4 Qc7
9.e5 Be7 10.d3 O-O 11.Bd2 f6 12.Ba5 Qb8 13.Bc3 Qc7 14.exf6 gxf6 15.d4 cxd4
16.Nxd4 Bb7 17.Ba5 Qc8 18.Ne3 c5 19.Nb5 Qc6 20.c4 Kh8 21.f3 Rg8 22.Kf1 Ne5
23.a4 Rg6 24.Bc3 Rag8 25.Bxe5 fxe5 26.Nxa7 Qa6 27.Nb5 d5 28.Ng4 e4 29.Ne5 Rf6
30.Qc2 Rf5 31.f4 Rxf4+ 32.Kg1 Rf5 33.cxd5 exd5 34.Nd7 Qc6 35.Qc3+ d4 36.Nxd4 cxd4
37.Qxd4+ Rg7 38.Ne5 Qc2  0-1

[Event "Acropolis Open"]
[Site "Athens GRE"]
[Date "2008.08.16"]
[Round "8"]
[White "Makka,I"]
[Black "Nikolaidis,K"]
[Result "1/2-1/2"]
[WhiteElo "2225"]
[BlackElo "2279"]

1.e4 c5 2.Nf3 Nc6 3.Bb5 Nf6 4.Nc3 g6 5.Bxc6 dxc6 6.h3 Bg7 7.d3 Nd7 8.Be3 e5
9.Qd2 Qe7 10.Bh6 Bxh6 11.Qxh6 f6 12.Nh2 Nf8 13.f4 exf4 14.Qxf4 Ne6 15.Qf2 Nd4
16.Nf3 Nxf3+ 17.Qxf3 Be6 18.O-O O-O 19.Qe3 Rad8 20.Rf3 Kg7 21.Raf1 Qd6 22.Ne2 b6
23.b3 Bc8 24.Kh1 Rde8 25.Qf2 Qe5 26.Nf4 Rd8 27.Qg3 Rde8 28.h4 Kh6  1/2-1/2

[Event "Independence Cup A"]
[Site "Kyiv UKR"]
[Date "2008.08.16"]
[Round "4"]
[White "Shankovsky,A"]
[Black "Bogdanovich,S"]
[Result "1-0"]
[WhiteElo "2265"]
[BlackElo "2299"]

1.e4 c5 2.Nf3 Nc6 3.Bb5 g6 4.O-O Bg7 5.Re1 e5 6.d3 Nge7 7.Bg5 O-O 8.Qd2 d6
9.h3 Be6 10.Bh6 f5 11.c3 Qd7 12.Bxg7 Kxg7 13.Qe2 h6 14.Nbd2 a6 15.Ba4 b5
16.Bc2 g5 17.d4 cxd4 18.cxd4 g4 19.d5 gxf3 20.dxc6 Nxc6 21.Nxf3 f4 22.Kh2 Kh7
23.Red1 Rg8 24.Qd2 Bg4 25.hxg4 Qxg4 26.Ne1 Nd4 27.f3 Qh5+ 28.Kg1 Rg3 29.Bb3 Ra7
30.Qf2 Rag7 31.Rxd4 exd4 32.Be6 Qc5 33.Rd1 h5 34.Qxd4 Rc7 35.Qxc5 dxc5 36.Bf5+ Kg8
37.Rd8+ Kf7 38.Nd3 c4 39.Nxf4 b4 40.Be6+ Kf6 41.Nd5+ Kxe6 42.Nxc7+ Ke5 43.Rd5+  1-0

[Event "Open"]
[Site "Ptuj SLO"]
[Date "2008.08.16"]
[Round "9"]
[White "Loncar,R"]
[Black "Kokol,P"]
[Result "1-0"]
[WhiteElo "2446"]
[BlackElo "2253"]

1.e4 c5 2.Nf3 Nc6 3.Bb5 g6 4.O-O Bg7 5.Re1 Nf6 6.e5 Nd5 7.Nc3 Nc7 8.Bxc6 dxc6
9.Ne4 b6 10.Nf6+ Kf8 11.Ne4 Bg4 12.h3 Bxf3 13.Qxf3 Qd5 14.d3 Ne6 15.Qd1 Qxe5
16.Ng5 Qd5 17.Nxe6+ fxe6 18.Re4 Kf7 19.Qf3+ Bf6 20.a4 Rad8 21.Bf4 h5 22.Rae1 g5
23.Be5 g4 24.Qf4 gxh3 25.c4 Qd7 26.R1e3 Rdg8 27.Rxh3 Rg4 28.Qf3 Rg5 29.Bxf6 exf6
30.Rf4 f5 31.Rfh4 Kg6 32.Qe3 Qd6 33.d4 Kf6 34.Qc3 Rh7 35.dxc5+ Qe5 36.Qxe5+ Kxe5
37.f4+  1-0

[Event "Alan Benson IM"]
[Site "San Francisco USA"]
[Date "2008.08.16"]
[Round "6"]
[White "Aigner,M USA"]
[Black "Young,G"]
[Result "0-1"]
[WhiteElo "2234"]
[BlackElo "2233"]

1.e4 c5 2.Nf3 Nc6 3.Bb5 g6 4.Bxc6 dxc6 5.d3 Bg7 6.h3 e5 7.Be3 Qe7 8.Qd2 Nf6
9.Bh6 O-O 10.O-O Bxh6 11.Qxh6 Nh5 12.Nc3 Nf4 13.Rae1 f6 14.Ne2 Nxe2+ 15.Rxe2 Qf7
16.b3 a5 17.Qe3 Qe7 18.a4 Be6 19.Nd2 g5 20.Ra1 Qd6 21.Nc4 Qd4 22.Qxd4 cxd4
23.Kh2 Ra6 24.Rb1 b5 25.Nb2 Kf7 26.g3 Ke7 27.f4 gxf4 28.gxf4 Rg8 29.Rf2 Raa8
30.Ra1 Rg7 31.Nd1 h5 32.f5 Bf7 33.Rg2 Rxg2+ 34.Kxg2 Kd6 35.axb5 cxb5 36.b4 a4
37.c3 a3 38.Kf2 a2 39.Ke2 Rg8 40.Kf2 Bb3 41.c4 bxc4 42.dxc4 Bxc4 43.Nb2 Bf7
44.Nd3 h4 45.Nc5 Rg3 46.Ne6 Rxh3  0-1

[Event "Liga Nacional Ajedrez"]
[Site "Villa Martelli ARG"]
[Date "2008.08.16"]
[Round "2"]
[White "Ferraro,Fa"]
[Black "Real de Azua,E"]
[Result "0-1"]
[WhiteElo "2239"]
[BlackElo "2429"]

1.e4 c5 2.Nf3 Nc6 3.Bb5 g6 4.O-O Bg7 5.Re1 e5 6.Bxc6 dxc6 7.h3 Qe7 8.d3 Nf6
9.Na3 b5 10.c3 O-O 11.d4 Nd7 12.dxe5 Nxe5 13.Nxe5 Qxe5 14.f4 Qe7 15.Qf3 Rd8
16.Nc2 b4 17.Kh1 Ba6 18.e5 Rd3 19.Re3 Rad8 20.Qxc6 Rd1+ 21.Kh2 Bb7 22.Qb5 Bh6
23.Rg3 Rxc1 24.Rxc1 Bxf4 25.Re1 Bxg3+  0-1

[Event "Acropolis Open"]
[Site "Athens GRE"]
[Date "2008.08.17"]
[Round "9"]
[White "Georgiou,K"]
[Black "Zawadzka,J"]
[Result "0-1"]
[WhiteElo "2236"]
[BlackElo "2389"]

1.e4 c5 2.Nf3 Nc6 3.Bb5 d6 4.O-O Bd7 5.Re1 Nf6 6.c3 a6 7.Bxc6 Bxc6 8.d4 cxd4
9.cxd4 Bxe4 10.Bg5 Bxf3 11.Qxf3 Qa5 12.Nc3 Qxg5 13.Qxb7 Rd8 14.Qc6+ Rd7 15.Qc8+ Rd8
16.Qxa6 e6 17.Qc6+ Rd7 18.d5 Be7 19.a4 O-O 20.a5 Rdd8 21.a6 Ng4 22.h3 Ne5
23.Qa4 Nf3+ 24.Kf1 Nxe1 25.Rxe1 Bf6 26.Ne4 Qxd5 27.b4 Qc4+ 28.Kg1 Ra8 29.Nxf6+ gxf6
30.a7 Rfc8 31.Re3 Qd4 32.Qd7 Qxa7 33.Qxd6 Kh8 34.Qd2 Qc7 35.Qd4 e5 36.Qh4 Qd6
37.Qh5 Rc1+ 38.Kh2 e4+ 39.Rg3 Raa1  0-1

[Event "U16 Olympiad"]
[Site "Mersin TUR"]
[Date "2008.08.17"]
[Round "1"]
[White "Kaya,E"]
[Black "So,W"]
[Result "0-1"]
[WhiteElo "1889"]
[BlackElo "2577"]

1.e4 c5 2.Nf3 Nc6 3.Bb5 e6 4.O-O Nge7 5.d3 a6 6.Ba4 b5 7.Bb3 Na5 8.Be3 Nxb3
9.axb3 Nc6 10.Nc3 Bb7 11.Re1 Be7 12.e5 f5 13.exf6 gxf6 14.Ne4 Qb6 15.d4 Nxd4
16.Bxd4 cxd4 17.Qxd4 Qxd4 18.Nxd4 Rg8 19.g3 O-O-O 20.c4 Rg4 21.f4 bxc4 22.bxc4 Bxe4
23.Rxe4 Bc5 24.Kg2 d5 25.Rxe6 Bxd4 26.Raxa6 Rg7 27.Ra8+ Kd7 28.Rxd8+ Kxd8
29.Rd6+ Rd7 30.Rxd5 Bxb2 31.Kf3 Ke7 32.Rxd7+ Kxd7 33.Ke4 Ke6 34.g4 Ba3 35.Kd4 Bb4
36.c5 Ba5 37.Ke4 Bb4 38.f5+ Kd7 39.Kd5 Ba5 40.c6+ Ke7 41.h4 h6 42.Kc5 Bc7
43.Kd5 Bg3 44.Kc5 Bxh4 45.Kb6 Bg3 46.Kb7 Kd8 47.Kb6 Kc8 48.Kb5 Kc7 49.Kc5 Be5
50.Kd5 Kb6 51.c7 Kxc7 52.Ke6 Kc6 53.Kf7 Kd5 54.Kg6 Ke4 55.Kxh6 Bf4+  0-1